Šeptající les. Mistr stínů povstal /
Příběh z fantasy série odehrávající se v magickém lese obývaném mnoha tajemnými bytostmi.
Uloženo v:
| Série: | Šeptající les,
část 4 |
|---|---|
| Hlavní autor: | |
| Další autoři: | |
| Médium: | E-kniha |
| Jazyk: | Czech |
| Vydáno: |
Praha :
Dobrovský s.r.o.,
2024
|
| Edice: | Drobek
|
| Témata: | |
| Příbuzné jednotky: | Přeloženo z:
Flüsterwald Z cyklu:: Šeptající les |
| Tagy: |
Žádné tagy |
| LEADER | 02853cam a2200529 i 4500 | ||
|---|---|---|---|
| 001 | 312436 | ||
| 003 | CZ PrSKC | ||
| 005 | 20260601215722.0 | ||
| 007 | ta | ||
| 008 | 240627s2024 xr a c 000 f cze d | ||
| 015 | |a cnb003568055 | ||
| 020 | |a 9788027724154 |q (vázáno) | ||
| 035 | |a (OCoLC)1459784867 | ||
| 040 | |a UOG001 |b cze |d UOG001 |d BOA001 |e rda | ||
| 041 | 1 | |a cze |h ger | |
| 072 | 7 | |a 821.112.2-3 |x Německá próza, německy psaná |2 Konspekt | |
| 072 | 7 | |a 821-93 |x Literatura pro děti a mládež (beletrie) |2 Konspekt | |
| 080 | |a 821.112.2-31 |2 MRF | ||
| 080 | |a 821-93 |2 MRF | ||
| 080 | |a (0:82-312.9) |2 MRF | ||
| 100 | 1 | |a Suchanek, Andreas, |d 1982- |7 xx0276859 |4 aut | |
| 240 | 1 | 0 | |a Schattenmeister erwacht. |l Česky |
| 245 | 1 | 0 | |a Šeptající les. |p Mistr stínů povstal / |c Andreas Suchanek ; přeložila Markéta Bartoš Tautrmanová |
| 246 | 3 | 0 | |a Mistr stínů povstal |
| 264 | 1 | |a Praha : |b Dobrovský s.r.o., |c 2024 | |
| 300 | |a 246 stran : |b ilustrace ; |c 21 cm | ||
| 336 | |a text |b txt |2 rdacontent | ||
| 337 | |a bez média |b n |2 rdamedia | ||
| 338 | |a svazek |b nc |2 rdacarrier | ||
| 490 | 1 | |a Drobek | |
| 500 | |a Přeloženo z němčiny | ||
| 520 | 2 | |a Příběh z fantasy série odehrávající se v magickém lese obývaném mnoha tajemnými bytostmi. |b Od chvíle, kdy Lukáš na půdě objevil portál do Šeptajícího lesa, není nic jako dřív. Společně s novými přáteli - se spolužačkou Ellou, vílou Štěstěnkou, její ochránkyní kočkou Panči a zvídavým menokem Ranim - zažil spoustu magických dobrodružství. Teď se však vrátil černokněžník. Jako mistr stínů chce spolu se stínovými dvojčaty zničit nejen srdce lesa, ale celý Šeptající les. Na Lukáše a jeho přátele tak čeká téměř nemožný úkol! Vydávají se na nebezpečnou cestu plnou nástrah, aby mistrovi stínů jeho plán překazili. Nakladatelská anotace. Kráceno. | |
| 655 | 7 | |a německé romány |7 fd132945 |2 czenas | |
| 655 | 7 | |a fantasy romány |7 fd184199 |2 czenas | |
| 655 | 7 | |a publikace pro děti |7 fd133156 |2 czenas | |
| 655 | 9 | |a German fiction |2 eczenas | |
| 655 | 9 | |a fantasy novels |2 eczenas | |
| 655 | 9 | |a children's literature |2 eczenas | |
| 700 | 1 | |a Bartoš Tautrmanová, Markéta, |d 1977- |7 xx0168661 |4 trl | |
| 765 | 0 | |t Flüsterwald | |
| 787 | 0 | 8 | |i Z cyklu: |t Šeptající les |g 4 |
| 830 | 0 | |a Drobek | |
| 900 | |a ABA001 |b 20 | ||
| 044 | |a xr | ||
| 910 | |a RBIT002 | ||
| 998 | |d 406825 |a https://core.palmknihy.cz/api/books/406825/cover?sfblxu |b https://core.palmknihy.cz/api/books/406825/cover/400?sfblxu |c https://core.palmknihy.cz/api/books/406825/cover/50?sfblxu |e 2028-04-20 |g 256 |i 9788027724154 |j https://core.palmknihy.cz/api/books/406825/preview.epub |k https://core.palmknihy.cz/api/books/406825/preview.pdf |l |q 49 |r 1 |s https://www.palmknihy.cz/kniha/406825 |t ebook |y 2024 |z 0 |v Šeptající les |w 4 | ||
| 999 | |d 312434 | ||